[Event "FRA-chT3 Gr12 0304"]
[Site "Loire"]
[Date "2004.02.01"]
[Round "5.6"]
[White "Vaccaro, Pierre"]
[Black "Barthelemy, Jerome"]
[Result "0-1"]
[WhiteElo "1499"]
[BlackElo "1510"]
[PlyCount "146"]
[EventDate "2003.10.12"]
[EventType "team"]
[EventRounds "9"]
[EventCountry "FRA"]
[SourceTitle "EXT 2008"]
[Source "ChessBase"]
[SourceDate "2007.11.25"]
[SourceVersion "1"]
[SourceVersionDate "2007.11.25"]
[SourceQuality "1"]

1. e4 c5 2. d4 cxd4 3. c3 dxc3 4. Nxc3 Nc6 5. Nf3 e6 6. Be2 Be7 7. 0-0 d6 8. Be3 Nf6 9. h3 0-0 10. Nd4 Nxd4 11. Qxd4 e5 12. Qd2 a6 13. Bg5 Be6 14. Bxf6 Bxf6 15. Nd5 Bxd5 16. exd5 Rc8 17. Bd3 Qe7 18. Qe2 Bg5 19. Qe4 f5 20. Qe2 e4 21. Bb1 Rc7 22. a4 Rfc8 23. Ba2 Qe5 24. b4 Rc2 25. Qh5 Qf6 26. Qd1 Qb2 27. Qb1 Qc3 28. Qb3 Qe5 29. b5 a5 30. b6 Bf4 31. Qb5 R8c5 32. Qd7 h6 33. Qe6+ Kf8 34. Qxe5 Bxe5 35. Bb3 Bxa1 36. Bxc2 Rxc2 37. Rxa1 Rc5 38. Rd1 Ke7 39. g4 g6 40. Kg2 Kf6 41. f4 Rc2+ 42. Kh1 g5 43. fxg5+ hxg5 44. Rf1 f4 45. h4 e3 46. h5 Ke5 47. h6 Kf6 48. Kg1 Kg6 49. Re1 Kxh6 50. Kf1 Kg6 51. Kg1 Kf6 52. Rd1 Ke5 53. Rb1 Ke4 54. Kf1 f3 55. Ra1 Rh2 56. Kg1 Rg2+ 57. Kh1 Rxg4 58. Kh2 Rg2+ 59. Kh1 Rd2 60. Kg1 g4 61. Rc1 g3 62. Kf1 e2+ 63. Ke1 Rd1+ 64. Rxd1 exd1Q+ 65. Kxd1 g2 66. Kd2 g1Q 67. Kc2 Qc5+ 68. Kd2 Qd4+ 69. Kc2 Qd3+ 70. Kb2 f2 71. Ka2 f1Q 72. Kb2 Qf2+ 73. Kc1 Qdd2+ 0-1